000 01023nas a2200325 4500
001 BR0205903
003 BR-BrBNA
005 20231205103420.0
007 ta
008 230509b bl.|||p| |||| 00| 00por d
040 _aBR-BrBNA
_bpor
_cBiblioteca Nacional de Agricultura
041 _a(Pt)
072 _aF04; F61
100 1 _aFerreira, A.C. de B.
100 1 _aAraújo, G.A. de A.
100 1 _aCardoso, A.A.
100 1 _aFontes, P.C.R.
100 1 _aVieira, C.
245 1 _aInfluência do molibdênio contido na semente e da sua aplicação foliar sobre a composição mineral de folhas e sementes do feijoeiro
650 _aCAFÉ
650 _aTESTE DE SEMENTES
650 _aMETAL PESADO
650 _aCOTILÉDONE
650 _aPROTEÍNA VEGETAL
650 _aADUBAÇÃO FOLIAR
650 _aABSORÇÃO DE NUTRIENTES
773 0 _tRevista Ceres (Brazil)
_xISSN 0034-737X
_g(Jul-Aug 2002), v. 49(284) p. 443-452
_wBR0205903
909 _a202311
_bLúcia
_c55
_dLúcia Elande
942 _2AGRIS
_n0
_cANA
999 _c172740
_d172740